Influence of seeding rate on growth and yield of phkarum doul rice variety at royal university of agriculture (ឥទ្ធិពលនៃបរិមាណគ្រាប់ពូជលើការលូតលាស់និងទន្និផលស្រូវផ្ការំដួលនៅសាកលវិទ្យាល័យភូមិន្ទកសិកម្ម) (Record no. 1445)
[ view plain ]
| 000 -LEADER | |
|---|---|
| fixed length control field | 00745nam a22001577a 4500 |
| 003 - CONTROL NUMBER IDENTIFIER | |
| control field | OSt |
| 005 - DATE AND TIME OF LATEST TRANSACTION | |
| control field | 20150929084004.0 |
| 008 - FIXED-LENGTH DATA ELEMENTS--GENERAL INFORMATION | |
| fixed length control field | 150929b xxu||||| |||| 00| 0 eng d |
| 040 ## - CATALOGING SOURCE | |
| Transcribing agency | RUA |
| 082 ## - DEWEY DECIMAL CLASSIFICATION NUMBER | |
| Classification number | AGR BUN 2010 B047 Or.1 |
| 100 ## - MAIN ENTRY--PERSONAL NAME | |
| 9 (RLIN) | 1537 |
| Personal name | BUN, MENGLA. |
| 245 ## - TITLE STATEMENT | |
| Title | Influence of seeding rate on growth and yield of phkarum doul rice variety at royal university of agriculture (ឥទ្ធិពលនៃបរិមាណគ្រាប់ពូជលើការលូតលាស់និងទន្និផលស្រូវផ្ការំដួលនៅសាកលវិទ្យាល័យភូមិន្ទកសិកម្ម) |
| 260 ## - PUBLICATION, DISTRIBUTION, ETC. (IMPRINT) | |
| Place of publication, distribution, etc. | Phnom Penh |
| Name of publisher, distributor, etc. | RUA |
| Date of publication, distribution, etc. | 2010 |
| 300 ## - PHYSICAL DESCRIPTION | |
| Extent | xii, 48p. |
| Other physical details | ill. |
| Dimensions | 29cm. |
| 942 ## - ADDED ENTRY ELEMENTS (KOHA) | |
| Source of classification or shelving scheme | |
| Koha item type | AGR |
| Price effective from | Date last seen | Permanent Location | Not for loan | Date acquired | Source of classification or shelving scheme | Koha item type | Lost status | Withdrawn status | Date last checked out | Total Checkouts | Shelving location | Damaged status | Barcode | Current Location | Full call number |
|---|---|---|---|---|---|---|---|---|---|---|---|---|---|---|---|
| 2015-09-29 | 2026-01-30 | Library Block B | 2015-09-29 | AGR | 2026-01-13 | 1 | B047 | RUA006015 | Library Block B | AGR BUN 2010 B047 Or.1 | |||||
| 2015-09-29 | 2015-09-29 | Library Block B | 2015-09-29 | AGR | B047 | RUA006087 | Library Block B | AGR BUN 2010 B047 Or.2 | |||||||
| 2015-09-29 | 2018-10-05 | Library Block B | 2015-09-29 | AGR | 2018-10-02 | 1 | B047 | RUA006674 | Library Block B | AGR BUN 2010 B047 Or.3 | |||||
| 2015-09-29 | 2015-09-29 | Library Block B | 2015-09-29 | AGR | B047 | RUA006813 | Library Block B | AGR BUN 2010 B047 Or.4 | |||||||
| 2015-09-29 | 2015-09-29 | Library Block B | 2015-09-29 | AGR | B047 | RUA006186 | Library Block B | AGR BUN 2010 B047 Or.5 |